| 000 | 00565nam a22001817a 4500 | ||
|---|---|---|---|
| 005 | 20180828151937.0 | ||
| 010 | _aENG-123857 | ||
| 020 |
_a9789381522448 _c190.00 |
||
| 035 | _aEN-107389 | ||
| 037 | _bDBAD/PUB. | ||
| 082 | _a370.92 | ||
| 100 | _aWashington, Booker T. | ||
| 245 |
_aUp from slavery: _cby Booker T. Washington _b(unabridged edition) / |
||
| 260 |
_aDelhi _bKalra Publications (P) Ltd. _c2010-11 |
||
| 270 |
_a2619-20/3, New Market, Nai Sarak, _bDelhi _e110006 |
||
| 300 | v |
_avii,280p. _c22cm(Hb) |
|
| 942 |
_2ddc _cEN _mWAS _h370.92 |
||
| 999 |
_c156251 _d156251 |
||